000 01273nam a2200277 a 4500
001 BRCA_9004
003 FranzMayer
005 20230728120901.0
008 180717s1691----sp-#######---#000-0#spa-#
040 _aMFM
_besp
_cMFM
041 _aspa
044 _asp
084 _aW150
_b.A65 1691
100 1 _aAlloza, Juan de
_922345
245 1 0 _aCielo estrellado de mil y veinte y dos exemplos de Maria
_bparaiso espiritval, y tesoro de favores, y regalos con que esta Gran Señora ha favorecido, a los que se acogen aÌ su protección, y amparo
_cpor el padre Juan de Alloza; sacerdote professo de la Compañía de Jesvs; natural de Lima, civdad de los Reyes en el Perv
260 _aValencia
_bEn la Imprenta de Vicente Mace, maestro de Filosofia, junto el Real Colegio de Corpus Christi
_c1691
300 _a[32], [11], 489 p.
_c30 x 22 cm
500 _aCon licencia
500 _aEn portada: Magna qvae fecit Mariae, qui potens est.
500 _aEn portada: Acosta de Claudio Mace, y Juan B. Mace, Mercader de Libros
500 _aEstado físico: presenta encuadernación en pergamino dteriorado con cintas rotas y cantos en color rojo
600 1 4 _aVirgen María
_xApariciones y milagros
_94433
650 1 4 _aMilagros
_922346
902 _aLAR
942 _2lcc
_cB
999 _c8655
_d8655